| 000 | 004010000a22001690004500 | ||
|---|---|---|---|
| 005 | 20120302053340.0 | ||
| 942 | _cBOOK | ||
| 100 | _a Quiller-Couch, A.T. | ||
| 245 | _a Historical tales from Shakespeare | ||
| 260 |
_aLondon: _bEdward Arnold, _c1919 |
||
| 300 | _avi,292p | ||
| 040 | _aENG | ||
| 365 | _bRs. | ||
| 650 | _aDrama | ||
| 650 | _aArt | ||
| 650 | _aArt-Dram-Historical Tales-Shakespeare | ||
| 999 |
_c342631 _d342628 |
||